[Event "BL2-W9899"]
[Site "Germany"]
[Date "1998.10.18"]
[Round "1.2"]
[White "Glek, Igor V"]
[Black "Kupreichik, Viktor D"]
[Result "1-0"]
[WhiteElo "2565"]
[BlackElo "2505"]

1.e4 c5 2.Nf3 d6 3.Bb5+ Nc6 4.O-O Bd7 5.Re1 Nf6 6.c3 g6 7.d4 Bg7 8.e5 dxe5
9.dxe5 Ng4 10.Bf4 Bxe5 11.Nxe5 Ngxe5 12.Na3 f6 13.Qd5 Qb6 14.Be3 O-O-O 15.Qxc5 Qxc5
16.Bxc5 b6 17.Be3 g5 18.f4 gxf4 19.Ba6+ Kb8 20.Bxf4 Bc8 21.Bf1 Kb7 22.Rad1 Bg4
23.Rxd8 Rxd8 24.h3 Be6 25.b3 Bf5 26.Bxe5 Nxe5 27.Nc4 Nc6 28.g4 Bd3 29.Bg2 e5
30.Rd1 e4 31.Bxe4 Bxe4 32.Rxd8 Nxd8 33.Nd6+ Kc6 34.Nxe4 f5 35.gxf5 Kd5 36.Nf6+ Ke5
37.Nxh7 Kxf5 38.Nf8 Nc6 39.Kf2 Kf6 40.h4 Ne5 41.Ke3 Kf5 42.a4 Nc6 43.b4 Ne5
44.Kd4 Nf3+ 45.Kd5 Nxh4 46.Nd7 Ng2 47.Nxb6 axb6 48.a5 bxa5 49.bxa5 Ne3+ 50.Kc6  1-0

[Event "Andres Clemente Vazquez mem"]
[Site "Guiines"]
[Date "1998.10.22"]
[Round "9"]
[White "Gonzalez, Renier"]
[Black "Garcia, Osmel"]
[Result "1/2-1/2"]
[WhiteElo "2385"]
[BlackElo "2350"]

1.e4 c5 2.Nf3 d6 3.Bb5+ Bd7 4.Bxd7+ Qxd7 5.O-O Nc6 6.c3 e6 7.d4 cxd4 8.cxd4 d5
9.e5 Nge7 10.Nc3 a6  1/2-1/2

[Event "Najdorf op"]
[Site "Buenos Aires"]
[Date "1998.10.29"]
[Round "6"]
[White "Ricardi, Pablo"]
[Black "Roeder, Mathias"]
[Result "1-0"]
[WhiteElo "2545"]
[BlackElo "2445"]

1.e4 c5 2.Nf3 d6 3.Bb5+ Bd7 4.Bxd7+ Qxd7 5.O-O Nc6 6.c3 Nf6 7.d4 Nxe4 8.d5 Ne5
9.Re1 Nxf3+ 10.Qxf3 Nf6 11.h3 e5 12.dxe6 fxe6 13.Nd2 Be7 14.Qe2 e5 15.f4 O-O-O
16.fxe5 dxe5 17.Nc4 e4 18.Bf4 Qf5 19.Be5 Rhe8 20.a4 Bf8 21.Rf1 Qe6 22.Rae1 Rd3
23.b3 Nd7 24.Bh2 Nb6 25.Qxd3  1-0

[Event "Najdorf op"]
[Site "Buenos Aires"]
[Date "1998.10.29"]
[Round "6"]
[White "Zarnicki, Pablo"]
[Black "Alonso, Salvador"]
[Result "1/2-1/2"]
[WhiteElo "2515"]
[BlackElo "2345"]

1.e4 c5 2.Nf3 d6 3.Bb5+ Nd7 4.d4 Nf6 5.Nc3 cxd4 6.Qxd4 e5 7.Qd3 Be7 8.Bg5 O-O
9.Bxd7 Qxd7 10.Rd1 Rd8 11.Bxf6 Bxf6 12.Nd5 Qg4 13.h3 Qh5 14.g4 Qh6 15.Rg1 Bg5
16.Nc7 Rb8 17.Nxe5 Bf4 18.Nc4 Be6 19.Nd5 Bxd5 20.exd5 Rbc8 21.Nd2 Re8+ 22.Kf1 Rxc2
23.Qxc2 Qxh3+ 24.Rg2 Qh1+ 25.Rg1 Qh3+ 26.Rg2 Qh1+  1/2-1/2

[Event "Wch U16"]
[Site "Oropesa del Mar"]
[Date "1998.10.29"]
[Round "4"]
[White "Azarov, Sergei"]
[Black "Franco Alonso, Alejandro"]
[Result "1-0"]
[WhiteElo "2445"]
[BlackElo "2170"]

1.e4 c5 2.Nf3 d6 3.Bb5+ Nd7 4.Nc3 Nf6 5.d4 cxd4 6.Qxd4 e5 7.Qd3 h6 8.Be3 Be7
9.h3 a6 10.Bc4 Qa5 11.O-O Nc5 12.Qd2 Qc7 13.Nd5 Nxd5 14.Bxd5 O-O 15.b4 Ne6
16.c4 Bd7 17.a3 Rab8 18.Rfc1 b6 19.Rc3 Rfd8 20.Rac1 a5 21.Nh2 Kh7 22.Qe2 g6
23.Ng4 h5 24.Qf3 Rf8 25.Nf6+ Kg7 26.Nxd7 Qxd7 27.Qd1 Nd4 28.Bxd4 exd4 29.Rd3 Bf6
30.f4 Rbc8 31.b5 Qc7 32.Qf3 Rce8 33.Rf1 a4 34.Kh1 Ra8 35.Qd1  1-0

[Event "Panormo zt"]
[Site "Panormo"]
[Date "1998.10.29"]
[Round "6"]
[White "Damljanovic, Branko"]
[Black "Janjgava, Lasha"]
[Result "1-0"]
[WhiteElo "2555"]
[BlackElo "2490"]

1.e4 c5 2.Nf3 d6 3.Bb5+ Nc6 4.O-O Bd7 5.Re1 Nf6 6.c3 a6 7.Bxc6 Bxc6 8.d4 Bxe4
9.Bg5 d5 10.dxc5 e6 11.b4 Be7 12.Nbd2 Bxf3 13.Nxf3 O-O 14.Qd4 Re8 15.a3 Nd7
16.Bxe7 Rxe7 17.c4 dxc4 18.Qxc4 Rc8 19.Rad1 Qe8 20.Qe2 Nf6 21.Ne5 Nd5 22.Rd4 Rd8
23.Qb2 Rc7 24.Qd2 Qf8 25.h4 Rb8 26.Nc4 h6 27.g3 Rcc8 28.Ne5 Rc7 29.g4 a5
30.g5 hxg5 31.hxg5 axb4 32.axb4 Ra8 33.Rh4 Ne7 34.Kg2 Nf5 35.Rh3 g6 36.Reh1 Qg7
37.Ng4  1-0

[Event "Tilburg Fontys"]
[Site "Tilburg"]
[Date "1998.10.30"]
[Round "7"]
[White "Zvjaginsev, Vadim"]
[Black "Sadler, Matthew"]
[Result "1/2-1/2"]
[WhiteElo "2650"]
[BlackElo "2660"]

1.e4 c5 2.Nf3 d6 3.Bb5+ Bd7 4.Bxd7+ Nxd7 5.O-O e6 6.Qe2 Ne7 7.c3 Ng6 8.d4 Be7
9.g3 O-O 10.h4 cxd4 11.cxd4 Qa5 12.Nfd2 Rfc8 13.Nb3 Qc7 14.Nc3 Ngf8 15.Be3 Nb6
16.d5 Nc4 17.dxe6 Nxe6 18.Nd5 Qd8 19.Bd4 Nxd4 20.Nxd4 Nb6 21.Nxb6 Qxb6 22.Nf5 Bf6
23.Rad1 Rc6 24.Rd2 Re8 25.Rfd1 Re6 26.Qd3 g6 27.Nh6+ Kg7 28.Ng4 h5 29.Nxf6 Rxf6
30.Qd4 Qxd4 31.Rxd4 Re6 32.f3 Kf6 33.Kf2 Ke7 34.Ke3 Re5 35.b4 a5 36.a4 axb4
37.Rxb4 b6 38.Rd5 Rxd5 39.exd5  1/2-1/2

[Event "Panormo zt"]
[Site "Panormo"]
[Date "1998.10.31"]
[Round "8"]
[White "Karatekin, Tamer"]
[Black "Shengelia, Davit"]
[Result "0-1"]
[WhiteElo "2325"]
[BlackElo "2310"]

1.e4 c5 2.Nf3 d6 3.Bb5+ Nc6 4.O-O Bd7 5.Re1 a6 6.Bf1 Bg4 7.h3 Bh5 8.c3 Nf6
9.d4 cxd4 10.cxd4 e5 11.g4 Bg6 12.d5 Nb8 13.Nc3 Nbd7 14.Bd3 Be7 15.Be3 h5
16.g5 Nh7 17.Qd2 h4 18.Kg2 Bh5 19.Rg1 g6 20.Be2 Rc8 21.Kh2 b5 22.a3 Nb6 23.b3 Nd7
24.a4 b4 25.Nd1 a5 26.Rc1 Rxc1 27.Qxc1 Nc5 28.Bb5+ Kf8 29.Nxe5 Nxb3 30.Nxg6+ Bxg6
31.Qb2 Rg8 32.Qxb3 Nxg5 33.Rg4 Nf3+ 34.Kh1 Bg5 35.Bxg5 Nxg5 36.Qe3 Qf6 37.Bd3 Bh5
38.Rg1 Bf3+  0-1

[Event "Donetzk zt"]
[Site "Donetsk"]
[Date "1998.11.02"]
[Round "1"]
[White "Zubarev, Alexander"]
[Black "Savchenko, Stanislav"]
[Result "1/2-1/2"]
[WhiteElo "2440"]
[BlackElo "2555"]

1.e4 c5 2.Nf3 d6 3.Bb5+ Bd7 4.Bxd7+ Qxd7 5.c4 Nc6 6.Nc3 g6 7.d4 cxd4 8.Nxd4 Bg7
9.Be3 Nf6 10.f3 O-O 11.O-O a6 12.a4 e6 13.Nde2 Qc7 14.Rc1 Nd7 15.b3 Nc5 16.Rb1 Rac8
17.Kh1 Rfd8 18.Bg5 Re8 19.Bf4 Be5 20.Bg3 f5 21.exf5 gxf5 22.Qd2 Qg7 23.f4 Bf6
24.Rf3 Nd4 25.Nxd4 Bxd4 26.Ne2 Bf6 27.Qxd6 Ne4 28.Qd1 Rcd8 29.Rd3 Rxd3 30.Qxd3 Rd8
31.Qe3 Qd7 32.Be1 Qd3 33.Qxd3 Rxd3  1/2-1/2

[Event "Wch U18"]
[Site "Oropesa del Mar"]
[Date "1998.11.02"]
[Round "7"]
[White "Felgaer, Ruben"]
[Black "Fernandez Rangel, Alejandro"]
[Result "1-0"]
[WhiteElo "2335"]
[BlackElo "2205"]

1.e4 c5 2.Nf3 d6 3.Bb5+ Bd7 4.Bxd7+ Nxd7 5.O-O Ngf6 6.d3 g6 7.Nc3 Bg7 8.Ng5 a6
9.f4 h6 10.Nh3 O-O 11.Bd2 b5 12.Qf3 Qc8 13.Rae1 Nb6 14.e5 Nfd7 15.Qg3 b4
16.Nd1 dxe5 17.fxe5 Qc7 18.Bf4 e6 19.Ndf2 Nd5 20.Ng4 Nxf4 21.Qxf4 Kh7 22.Rf3 Qd8
23.Nf6+ Bxf6 24.exf6 e5 25.Qh4 Rh8 26.Nf2 Qf8 27.Ng4 Re8 28.Re4 Re6 29.Nxh6 Qxh6
30.Qxh6+ Kxh6 31.Rh4+ Kg5 32.Rxh8 Nxf6 33.Rf8 Re7 34.h4+  1-0

[Event "Young Masters 5th"]
[Site "Loures"]
[Date "1998.11.03"]
[Round "1"]
[White "Rocha, Sergio"]
[Black "Moreno, Javier"]
[Result "1/2-1/2"]
[WhiteElo "2425"]
[BlackElo "2430"]

1.e4 c5 2.Nf3 d6 3.Bb5+ Bd7 4.Bxd7+ Qxd7 5.O-O Nc6 6.c3 Nf6 7.Qe2 e6 8.d4 cxd4
9.Nxd4 Be7 10.Bg5 h6 11.Bxf6 Bxf6 12.Nc2 O-O 13.Nd2 b5 14.Rad1 Rab8 15.f4 a5
16.Ne3 Be7 17.Kh1 Rfe8 18.Nf3 b4 19.e5 Qc7 20.Ng4 bxc3 21.bxc3 Red8 22.Nd4 h5
23.Nf6+ Bxf6 24.exf6 Nxd4 25.cxd4 g6 26.f5 exf5 27.Rxf5 Rdc8 28.Rf2 Qc3 29.Qe4 Re8
30.Qf4 Qe3 31.Qxe3 Rxe3 32.g3 Kh7 33.Rc1 g5 34.Rc6 Rd8 35.Ra6 Ra3 36.Kg2 Kg6
37.Kf1 g4 38.Kg2 Kg5 39.Rb6 Ra4 40.d5 Rd4 41.Rb5 a4 42.Ra5 Rc8 43.Ra6 Rc5
44.Ra8 Rcxd5 45.Rg8+ Kh6 46.Rh8+ Kg6 47.Rg8+ Kh7 48.Rg7+ Kh6 49.Rxf7 Rd2
50.Rg7 Rxf2+ 51.Kxf2 Rd2+ 52.Ke1 Rxa2 53.Rg8 Ra1+ 54.Ke2 Ra2+ 55.Ke1 Ra1+
56.Ke2  1/2-1/2

[Event "Wch U18 Girls"]
[Site "Oropesa del Mar"]
[Date "1998.11.03"]
[Round "8"]
[White "Babataeva, Indira"]
[Black "Moncayo, Evelyn"]
[Result "1-0"]
[WhiteElo "2020"]
[BlackElo "2100"]

1.e4 c5 2.Nf3 d6 3.Bb5+ Bd7 4.Bxd7+ Qxd7 5.c4 Nf6 6.d3 g6 7.O-O Nc6 8.Re1 Bg7
9.Nc3 O-O 10.h3 Ne8 11.Ne2 e5 12.Nc3 f5 13.exf5 gxf5 14.Ng5 h6 15.Nf3 Nc7
16.Nh4 Qf7 17.f4 Rae8 18.Rf1 Qf6 19.Qh5 e4 20.dxe4 fxe4 21.Be3 Nd4 22.Rf2 Qf7
23.Qg4 h5 24.Qg3 Nf5 25.Nxf5 Qxf5 26.Rd1 Rf6 27.Nd5 Rg6 28.Qh4 Kf7 29.Nxc7 Bf6
30.Rd5 Qxd5 31.Qxf6+ Rxf6 32.Nxd5 Rg6 33.f5 Rg3 34.Bf4 Rd3 35.Bxd6 e3 36.Re2 Rd1+
37.Kh2 Rd2 38.Rxd2 exd2 39.Nc3 Re1 40.Bxc5 Rc1 41.Be3 Rxc3 42.Bxd2 Rxc4 43.Bc3 b5
44.Kg3 b4 45.Be5 Re4 46.Bh8 Re2 47.Kf3 Re1 48.g4 hxg4+ 49.hxg4 Ra1 50.g5 Rxa2
51.Bd4 Ra5 52.Kf4 b3 53.g6+ Kg8 54.f6 a6 55.Be5 Rd5 56.Ke4 Rd1 57.Kf5  1-0

[Event "Chigorin mem"]
[Site "St. Petersburg"]
[Date "1998.11.03"]
[Round "4"]
[White "Turov, Maxim"]
[Black "Loginov, Valery A"]
[Result "0-1"]
[WhiteElo "2460"]
[BlackElo "2520"]

1.e4 c5 2.Nf3 d6 3.Bb5+ Bd7 4.Bxd7+ Qxd7 5.O-O e6 6.c4 Nc6 7.d4 cxd4 8.Nxd4 Nf6
9.Nc3 Be7 10.Re1 O-O 11.b3 a6 12.Bb2 Rfc8 13.Nxc6 Qxc6 14.Qe2 Bf8 15.Rad1 Rab8
16.a4 Nd7 17.Rd3 g6 18.Rh3 Bg7 19.Qd2 h5 20.g4 h4 21.Rxh4 Ne5 22.Kg2 Qb6
23.Qc2 Qd8 24.Rh3 b5 25.axb5 axb5 26.f4 Nxg4 27.Nxb5 Nf6 28.Qd2 d5 29.Rd3 Rc5
30.Na3 Qc8 31.cxd5 exd5 32.Bxf6 Bxf6 33.exd5 Bc3 34.Qe2 Bxe1 35.Qxe1 Qg4+
36.Kh1 Qxf4 37.Nc4 Rxd5  0-1

[Event "Chigorin mem"]
[Site "St. Petersburg"]
[Date "1998.11.03"]
[Round "4"]
[White "Bochkarev, Alexander"]
[Black "Chehlov, Aleksander"]
[Result "1-0"]
[WhiteElo "2510"]
[BlackElo "2315"]

1.e4 c5 2.Nf3 d6 3.Bb5+ Nd7 4.c3 Nf6 5.Qe2 e5 6.O-O Be7 7.d4 Qc7 8.b4 a6
9.Bd3 b6 10.bxc5 bxc5 11.d5 O-O 12.h3 Ne8 13.a4 g6 14.Bh6 Ng7 15.Nbd2 f5
16.exf5 gxf5 17.Ng5 Bxg5 18.Bxg5 Nf6 19.Bxf6 Rxf6 20.f4 e4 21.Bc4 Qf7 22.Rfd1 Nh5
23.Qe3 Rg6 24.Nf1 Qg7 25.Rd2 Kh8 26.Raa2 Bb7 27.Rab2 Rg8 28.a5 Nf6 29.Qf2 Nh5
30.Qe3 Bc8 31.Rf2 Qh6 32.Bb3 Ng3 33.Nh2 Qg7 34.Bc4 Nh5 35.Nf1 Nf6 36.Bb3 Qc7
37.Ra2 c4 38.Bd1 Nxd5 39.Qd4+ Nf6 40.Qb6 Qg7 41.Qd4 Rh6 42.g3 d5 43.Rab2 Rxh3
44.Rh2 Rxh2 45.Kxh2 Nd7 46.Ne3 Nf6 47.Nf1 Ne8 48.Ne3 Qxd4 49.cxd4 Nc7 50.Ba4 Be6
51.Bc6 h5 52.Rb7 Rg7 53.Rb8+ Kh7 54.Rb6 Re7 55.Bb7 c3 56.Bxa6 Nxa6 57.Rxa6 Rc7
58.Nc2 Bc8 59.Rb6 e3 60.Kg2 e2 61.Kf2 Re7 62.Rc6 Bb7 63.Rb6 Kg7 64.Ke1 Kf7
65.a6 Ba8 66.Rh6 Kg7 67.Rb6 Kf7 68.Rb3 Ra7 69.Ra3 Bc6 70.Nb4 Bb5 71.Rxc3 Bc4
72.Re3 Kf6 73.Re5 Rh7 74.Re8 Rg7 75.Kf2 Rh7 76.Rb8 h4 77.Rb6+  1-0

[Event "Donetzk zt"]
[Site "Donetsk"]
[Date "1998.11.04"]
[Round "3"]
[White "Miroshnichenko, Evgeny"]
[Black "Brodsky, Michail"]
[Result "1-0"]
[WhiteElo "2440"]
[BlackElo "2525"]

1.e4 c5 2.Nf3 d6 3.Bb5+ Bd7 4.Bxd7+ Qxd7 5.c4 Nc6 6.Nc3 Nf6 7.d4 cxd4 8.Nxd4 e6
9.O-O Be7 10.Nc2 a6 11.Qe2 O-O 12.Rd1 b6 13.Bf4 Qc7 14.Rac1 Rfd8 15.b3 Qb7
16.a4 Na7 17.b4 Nc6 18.f3 Rac8 19.b5 axb5 20.axb5 Na5 21.Ne3 Nh5 22.Bg3 Qc7
23.Bf2 Nf4 24.Qf1 Ra8 25.Ne2 Ng6 26.Nd4 Bf6 27.Rc2 Rdc8 28.g3 Qb7 29.Qe2 Qc7
30.Kg2 Ne5 31.f4 Nd7 32.Nf3 Nc5 33.Ng4 Be7 34.e5 Rd8 35.exd6 Rxd6 36.Rxd6 Bxd6
37.Nge5 Qb7 38.Bxc5 Bxc5 39.Rd2 Rf8 40.Rd7 Qc8 41.Ng5 h6 42.Ngxf7 Rxf7 43.Rxf7 Bd6
44.Ra7 Qb8 45.Nc6 Nxc6 46.Qxe6+ Kh7 47.Rd7  1-0

[Event "Wch U16"]
[Site "Oropesa del Mar"]
[Date "1998.11.04"]
[Round "9"]
[White "Khruschiov, Alexey"]
[Black "Grigoriants, Sergey"]
[Result "1-0"]
[WhiteElo "2210"]
[BlackElo "2320"]

1.e4 c5 2.Nf3 d6 3.Bb5+ Bd7 4.Bxd7+ Qxd7 5.c4 Qg4 6.O-O Nc6 7.Nc3 g6 8.h3 Qd7
9.d4 cxd4 10.Nxd4 Bg7 11.Be3 Nf6 12.Qd2 O-O 13.Rfd1 Rac8 14.b3 a6 15.a4 Qd8
16.Rab1 Qa5 17.f3 Qh5 18.Nde2 Nd7 19.Nd5 Rfe8 20.Bg5 h6 21.Be3 Kh7 22.Rf1 Qe5
23.b4 e6 24.Bf4 Qh5 25.Ne3 Nde5 26.Bg3 g5 27.b5 Ne7 28.Qxd6 Rcd8 29.Qb4 Nd3
30.Qa3 f5 31.Bd6 Nc8 32.c5 Nxd6 33.cxd6 Nf4  1-0

[Event "Donetzk zt"]
[Site "Donetsk"]
[Date "1998.11.05"]
[Round "4"]
[White "Miroshnichenko, Evgeny"]
[Black "Kuzmin, Gennadi P"]
[Result "0-1"]
[WhiteElo "2440"]
[BlackElo "2560"]

1.e4 c5 2.Nf3 d6 3.Bb5+ Bd7 4.Bxd7+ Qxd7 5.c4 g6 6.Nc3 Bg7 7.d4 cxd4 8.Nxd4 Nf6
9.f3 Nc6 10.Be3 O-O 11.O-O Rfc8 12.Nde2 Qd8 13.Qd2 a6 14.b3 Qa5 15.a4 Nd7
16.Rab1 Qd8 17.Rfd1 Qf8 18.Nd5 a5 19.Nec3 Rd8 20.Nb5 Nc5 21.Qf2 Rab8 22.Bxc5 dxc5
23.Qxc5 e6 24.Qxf8+ Kxf8 25.Ne3 Nb4 26.Kf1 Nd3 27.Ke2 Nf4+ 28.Kf1 Nd3 29.g3 Nc5
30.Ke2 Ke7 31.Na3 h5 32.Nac2 h4 33.Ne1 hxg3 34.hxg3 Rh8 35.Kf2 Rbd8 36.Rxd8 Rxd8
37.Nf1 Bc3 38.Nc2 Rd6 39.Na3 Bb4 40.Nc2 Rd3 41.Na1 g5 42.Ke2 g4 43.f4 Rf3
44.Rd1 Nxe4  0-1

[Event "Wch U18"]
[Site "Oropesa del Mar"]
[Date "1998.11.06"]
[Round "10"]
[White "Felgaer, Ruben"]
[Black "Fernando, Diego"]
[Result "1-0"]
[WhiteElo "2335"]
[BlackElo "2185"]

1.e4 c5 2.Nf3 d6 3.Bb5+ Bd7 4.Bxd7+ Qxd7 5.O-O Nc6 6.c3 Nf6 7.d4 Nxe4 8.d5 Ne5
9.Re1 Nxf3+ 10.Qxf3 Nf6 11.c4 e5 12.dxe6 fxe6 13.Bg5 Be7 14.Nc3 h6 15.Bh4 Rf8
16.Qe2 e5 17.Bxf6 Bxf6 18.Rad1 Kf7 19.Ne4 Be7 20.Qh5+ Kg8 21.Qxe5 Bf6 22.Qd5+ Kh8
23.Nxc5 Qf7 24.Qxf7 Rxf7 25.Nd3 Rd8 26.b3 d5 27.Ne5 Bxe5 28.Rxe5 Rdf8 29.cxd5  1-0

[Event "Chigorin mem"]
[Site "St. Petersburg"]
[Date "1998.11.07"]
[Round "7"]
[White "Potkin, Vladimir"]
[Black "Kochyev, Alexander"]
[Result "1/2-1/2"]
[WhiteElo "2300"]
[BlackElo "2435"]

1.e4 c5 2.Nf3 d6 3.Bb5+ Bd7 4.Bxd7+ Qxd7 5.c4 Nf6 6.Nc3 Nc6 7.d4 cxd4 8.Nxd4 e6
9.O-O Be7 10.b3 O-O 11.Bb2 a6 12.a4 Qc7 13.Nde2  1/2-1/2

[Event "SWE-chT 9899"]
[Site "Sweden"]
[Date "1998.11.07"]
[Round "4"]
[White "Hellers, Ferdinand"]
[Black "Ernst, Thomas"]
[Result "1-0"]
[WhiteElo "2605"]
[BlackElo "2400"]

1.e4 c5 2.Nf3 d6 3.Bb5+ Bd7 4.Bxd7+ Qxd7 5.c4 Nc6 6.Nc3 Nf6 7.d4 cxd4 8.Nxd4 e6
9.O-O Be7 10.Be3 O-O 11.Qe2 Rac8 12.Rfd1 a6 13.Rac1 Rfd8 14.b3 Qc7 15.f3 Qa5
16.Qd2 Kh8 17.Nce2 Qxd2 18.Bxd2 d5 19.cxd5 exd5 20.Nxc6 bxc6 21.exd5 cxd5
22.Be3 Ba3 23.Rxc8 Rxc8 24.Nf4 Bc5 25.Kf2 Bxe3+ 26.Kxe3 Re8+ 27.Kd2 g5 28.Nd3 g4
29.Rc1 gxf3 30.gxf3 Rg8 31.Re1 Rg5 32.Re5 Rg1 33.Re1 Rg5 34.Re2 Rf5 35.Ke3 Kg7
36.Nb4 a5 37.Nc6 Nd7 38.Rf2 Nc5 39.Nxa5 d4+ 40.Ke2 Re5+ 41.Kd2 Rf5 42.Rg2+ Kf6
43.b4 Ne6 44.Rf2 Ng5 45.Kd3 Nxf3 46.Nc6 h5 47.Re2 Ng1 48.Rb2 Nf3 49.b5 Rc5
50.Nxd4 Rd5 51.Ke4 Rxd4+ 52.Kxf3 Ke6 53.b6 Rd8 54.b7 Rb8 55.a4 Kd6 56.a5 Kc7
57.a6  1-0

[Event "SLO-chT"]
[Site "Bled"]
[Date "1998.11.09"]
[Round "3"]
[White "Barle, Janez"]
[Black "Gruskovnjak, Tomislav"]
[Result "1-0"]
[WhiteElo "2395"]
[BlackElo "2240"]

1.e4 c5 2.Nf3 d6 3.Bb5+ Bd7 4.Bxd7+ Qxd7 5.O-O Nc6 6.c3 Nf6 7.d4 cxd4 8.cxd4 d5
9.e5 Ne4 10.Ne1 h6 11.f3 Ng5 12.Nc3 e6 13.Be3 Be7 14.Nd3 O-O 15.Rc1 Rac8
16.Qd2 Rfd8 17.Rfd1 Na5 18.b3 b6 19.Ne2 Nh7 20.Ng3 Ba3 21.Rxc8 Rxc8 22.f4 Rc6
23.Rf1 Qc8 24.Rf2 f5 25.Nf1 Rc7 26.h3 Nc6 27.g4 a5 28.gxf5 exf5 29.Rg2 Nf8
30.Ng3 Kh7 31.h4 Ne7 32.h5 Ne6 33.Qd1 Rc3 34.Qb1 Kh8 35.Ne2 Rc2 36.Kf1 Rc7
37.Ne1 Bb4 38.Nf3 Rc6 39.Nh4 Nf8 40.Ng3 Qe8 41.Nhxf5 Nxf5 42.Qxf5 Rc3 43.Kf2 a4
44.Ne2 Rc7 45.Qg4 axb3 46.axb3 Rf7 47.Kg1 Nd7 48.Qh3 Nf8 49.f5 Ra7 50.Nf4 Qd8
51.f6 gxf6 52.Qg4 Nh7 53.Ng6+ Kg7 54.Nf8+  1-0

[Event "Donetzk zt"]
[Site "Donetsk"]
[Date "1998.11.09"]
[Round "7"]
[White "Miroshnichenko, Evgeny"]
[Black "Ovsejevitsch, Sergei"]
[Result "1-0"]
[WhiteElo "2440"]
[BlackElo "2500"]

1.e4 c5 2.Nf3 d6 3.Bb5+ Nc6 4.O-O Bd7 5.c3 Nf6 6.Re1 a6 7.Bxc6 Bxc6 8.d4 cxd4
9.cxd4 Bxe4 10.Nc3 Bxf3 11.Qxf3 e6 12.Qxb7 Qc8 13.Qf3 Be7 14.Bg5 O-O 15.d5 e5
16.Rac1 Qb8 17.Bxf6 Bxf6 18.Ne4 Be7 19.g4 Qxb2 20.Rc7 Bd8 21.Rd7 Qxa2 22.Nxd6 Bb6
23.Re2 Qa1+ 24.Kg2 Ra7 25.Rxa7 Bxa7 26.Rc2 Qd4 27.Nf5 Qb4 28.d6 g6 29.Ne7+ Kg7
30.Rc6 Qd2 31.d7 Qg5 32.Nd5 Rd8 33.Nf6 h5 34.Rc8 Bb6 35.Ne8+ Kh6 36.Rxd8 Bxd8
37.Nd6 Qe7 38.Qd5 Kg7 39.h3 hxg4 40.hxg4 a5 41.Nb7 f5 42.Kf1 a4 43.Nxd8 Qxd8
44.Qe6 Kf8 45.g5  1-0

[Event "San Salvador zt"]
[Site "San Salvador"]
[Date "1998.11.10"]
[Round "5"]
[White "Pilarte, Rene"]
[Black "Reyes Najera, Carlos A"]
[Result "1/2-1/2"]
[WhiteElo "2250"]
[BlackElo "2235"]

1.Nf3 c5 2.e4 d6 3.Bb5+ Nd7 4.O-O a6 5.Bxd7+ Bxd7 6.d3 g6 7.Nc3 Bg7 8.Be3 Nf6
9.h3 Qc7 10.Qd2 h6 11.Rae1 g5 12.d4 e5 13.dxe5 dxe5 14.Rd1 g4 15.hxg4 Bxg4
16.Qd6 Rc8 17.Qxc7 Rxc7 18.Nd5 Nxd5 19.Rxd5 b6 20.Rd6 Rb7 21.Rfd1 Bd7 22.Nh4 Bf8
23.Nf5 Bxf5 24.Rd8+ Ke7 25.exf5 Kf6 26.Ra8 Bg7 27.Rxa6 Kxf5 28.Rd6 Rhb8 29.Bxh6 Bxh6
30.Rxh6 f6 31.Kf1 Rd7 32.Ke2 Rd6 33.Rh3 c4 34.Rc3 Rd4 35.Ra4 b5 36.Rb4 Rbd8
37.Rxb5 Ke4 38.Re3+ Kf4 39.Rb4 Rd2+ 40.Kf1 Rxc2 41.g3+ Kf5 42.Rf3+ Kg5 43.Rc3 Rdd2
44.Rxc2 Rxc2 45.a4 c3 46.bxc3  1/2-1/2

[Event "AUT-chT2O 9899"]
[Site "AUT"]
[Date "1998.11.14"]
[Round "3"]
[White "Schirmbeck, Hannes"]
[Black "Petzer, Reinhard"]
[Result "1-0"]
[WhiteElo "2150"]
[BlackElo "2130"]

1.e4 c5 2.Nf3 d6 3.Bb5+ Bd7 4.Bxd7+ Qxd7 5.O-O Nc6 6.c3 Nf6 7.d4 cxd4 8.cxd4 Nxe4
9.d5 Ne5 10.Re1 Nf6 11.Nc3 g6 12.Nxe5 dxe5 13.Rxe5 Bg7 14.Qe2 Ng4 15.Re4 f5
16.Re6 Kf7 17.Bg5 Rhe8 18.Re1 Nf6 19.Qc4 Rac8 20.Qb3 Kf8 21.d6 exd6 22.Bxf6 Rxe6
23.Rxe6 d5 24.Qb4+  1-0

[Event "AUT-chT2O 9899"]
[Site "AUT"]
[Date "1998.11.15"]
[Round "4"]
[White "Schwab, Rene"]
[Black "Herbst, Daniel"]
[Result "1-0"]
[WhiteElo "2290"]
[BlackElo "2135"]

1.e4 c5 2.Nf3 d6 3.Bb5+ Bd7 4.a4 Nc6 5.O-O g6 6.Re1 Bg7 7.c3 Nf6 8.d4 cxd4
9.cxd4 O-O 10.Nc3 Bg4 11.Bg5 Nd7 12.Nd5 Bxf3 13.gxf3 h6 14.Be3 a6 15.Bf1 Rc8
16.f4 f5 17.Qb3 Na5 18.Nxe7+ Kh7 19.Qe6 Rf6 20.Qd5 Qxe7 21.e5 dxe5 22.dxe5 Re6
23.Qxa5 g5 24.Rac1 Rxc1 25.Bxc1 gxf4 26.Bxf4 Nxe5 27.Re3 Qe8 28.Bg2 Ng6 29.Qxf5 Rxe3
30.Bxe3 Qxa4 31.Be4 Qd1+ 32.Kg2 Qd6 33.h4 Bxb2 34.h5 b5 35.hxg6+ Kh8 36.Bxh6 Bf6
37.g7+  1-0

[Event "Tanta op"]
[Site "Tanta"]
[Date "1998.11.16"]
[Round "1"]
[White "Ahmed, Esam Aly"]
[Black "Sameeh, Hany"]
[Result "0-1"]
[WhiteElo "2335"]
[BlackElo "2255"]

1.e4 c5 2.Nf3 d6 3.Bb5+ Bd7 4.Bxd7+ Qxd7 5.O-O Nc6 6.c3 Nf6 7.Re1 e6 8.d4 cxd4
9.cxd4 d5 10.e5 Ne4 11.Nbd2 Nxd2 12.Bxd2 Be7 13.Rc1 O-O 14.Re3 Rfc8 15.Rec3 Nd8
16.Ng5 Rxc3 17.Rxc3 Bb4 18.Nxh7 Bxc3 19.Nf6+ gxf6 20.exf6 e5 21.Qf3 Qa4 22.h4 Bxd4
23.Kh2  0-1

[Event "Tanta op"]
[Site "Tanta"]
[Date "1998.11.16"]
[Round "1"]
[White "Meged, Elsdayed A"]
[Black "El Ghazali, Youssef M"]
[Result "0-1"]
[WhiteElo "2250"]
[BlackElo "2335"]

1.e4 c5 2.Nf3 d6 3.Bb5+ Bd7 4.Bxd7+ Nxd7 5.O-O e6 6.b3 Ne7 7.Bb2 Ng6 8.d4 cxd4
9.Nxd4 Be7 10.c4 O-O 11.Nc3 a6 12.g3 Rc8 13.f4 Nc5 14.Qe2 Qb6 15.Kh1 Bf6
16.Rad1 Bxd4 17.Rxd4 Nxb3 18.axb3 Qxd4 19.f5 exf5 20.exf5 Rfe8 21.Qg2 Ne5
22.Nd5 Qd3 23.f6 Ng4 24.Ne7+ Rxe7 25.fxe7 Ne3 26.Re1 Re8 27.Qf3 Rxe7 28.Bc1 Qc3
29.Rf1 Qxb3 30.h4 Qxc4 31.Bxe3 Rxe3 32.Qxe3 Qxf1+ 33.Kh2 Kf8 34.h5 h6 35.g4 Qf6
36.Kh3 Qe6 37.Qb6 Qd7 38.Qb1 d5 39.Qh7 f6 40.Qh8+ Kf7 41.Qh7 d4 42.Qd3 b5
43.Qf3 d3  0-1

[Event "Wch Seniors (Women)"]
[Site "Grieskirchen"]
[Date "1998.11.19"]
[Round "10"]
[White "Erenska Radzewska, Hanna"]
[Black "Duer, Maria"]
[Result "1-0"]
[WhiteElo "2225"]
[BlackElo "1748"]

1.e4 c5 2.Nf3 d6 3.Bb5+ Bd7 4.Bxd7+ Qxd7 5.O-O g6 6.c3 Bg7 7.d4 cxd4 8.Nxd4 Nf6
9.Re1 O-O 10.Na3 Nc6 11.Nac2 Rac8 12.h3 Rfd8 13.Bg5 h6 14.Bd2 Kh7 15.Qe2 Nxd4
16.Nxd4 b6 17.Rad1 Qb7 18.Bc1 a6 19.f4 e5 20.Nf3 Ne8 21.f5 gxf5 22.exf5 Nf6
23.g4 e4 24.Nh4 d5 25.Bf4 Qe7 26.Ng2 b5 27.Ne3 Rd7 28.a3 Rcd8 29.h4 d4 30.cxd4 Nd5
31.Nxd5 Rxd5 32.Kg2 Rxd4 33.Rxd4 Rxd4 34.g5 Be5 35.Qh5 Rd6 36.f6 Bxf6 37.Qxh6+ Kg8
38.gxf6 Rxf6 39.Bg5 Rxh6 40.Bxe7 Re6 41.Bg5 Kg7 42.Kh3 Kg6 43.Kg4 f5+ 44.Kf4 Re8
45.h5+ Kxh5 46.Kxf5 Rf8+ 47.Bf6  1-0

[Event "Wch U20"]
[Site "Calicut"]
[Date "1998.11.21"]
[Round "5"]
[White "Karatekin, Tamer"]
[Black "Alvarez, Johan"]
[Result "1/2-1/2"]
[WhiteElo "2325"]
[BlackElo "2200"]

1.e4 c5 2.Nf3 d6 3.Bb5+ Bd7 4.Bxd7+ Qxd7 5.O-O Nc6 6.c3 Nf6 7.d4 g6 8.d5 Ne5
9.Nxe5 dxe5 10.Qe2 Bg7 11.f3 O-O 12.Be3 Rac8 13.Nd2 Ne8 14.c4 Nd6 15.a3 e6
16.Rfc1 exd5 17.cxd5 b6 18.a4 f5 19.b3 fxe4 20.fxe4 Rf7 21.h3 Re8 22.Qd3 Bf6
23.Nc4 Nxc4 24.Qxc4 Ref8 25.Rf1 Bg7 26.a5 Rxf1+ 27.Rxf1 Rxf1+ 28.Kxf1 Bf8
29.Qa6 Qc7 30.Ke2 Bd6 31.axb6 axb6 32.Qa8+ Kg7 33.Qc6 Qxc6 34.dxc6 Kf7 35.Kd3 Ke6
36.Kc4 Bc7 37.Kb5 Bd8 38.b4 cxb4 39.Kxb4 Ke7 40.Kb5 Kd6 41.Bxb6 Bg5 42.c7 Kd7
43.Kc4 Bc1 44.Kd5 Bb2 45.g4 Bc3 46.Bc5 Kxc7 47.Bd6+ Kd7 48.Bxe5 Bb4 49.Bf6 Ba3
50.e5 Bb4 51.e6+ Ke8 52.Be5 Be7 53.Bd6 Bf6 54.Ke4 Bc3 55.h4 Be1 56.h5 Bc3
57.Bc5 Bf6 58.Kf4 gxh5 59.gxh5 Bh4 60.Kf5 Bd8 61.Bd6 Bh4 62.Be5 Be7 63.Bg3 Bd8
64.Bf4 Be7 65.Bg5 Bb4 66.Bh4 Ba5 67.Bf6 Be1 68.Bg5 Ba5  1/2-1/2

[Event "Sisak"]
[Site "Sisak"]
[Date "1998.11.21"]
[Round "2"]
[White "Vrkljan, Ivan"]
[Black "Galic, Kruno"]
[Result "1/2-1/2"]
[WhiteElo "2165"]
[BlackElo "2220"]

1.e4 c5 2.Nf3 d6 3.Bb5+ Nc6 4.O-O Bd7 5.Re1 Nf6 6.c3 e6 7.d4 cxd4 8.cxd4 Be7
9.Nc3 O-O 10.Bg5 a6 11.Bxc6 Bxc6 12.d5 Bd7 13.e5 Nxd5 14.Bxe7 Nxe7 15.exd6 Ng6
16.Ne4 Bc6 17.Qd4 Bd5 18.b3 Rc8 19.Rad1 Rc2 20.Rd2 Rxd2 21.Nfxd2 Qc8 22.Nc3 Qc6
23.Nc4 Rd8 24.Nxd5 Qxd5 25.Qxd5 exd5 26.Nb6 f6 27.d7 Ne5 28.Rd1 Nxd7 29.Nxd5  1/2-1/2

[Event "Sisak"]
[Site "Sisak"]
[Date "1998.11.21"]
[Round "2"]
[White "Balenovic, Zvonimir"]
[Black "Franic, Milan"]
[Result "1-0"]
[WhiteElo "2285"]
[BlackElo "2445"]

1.e4 c5 2.Nf3 d6 3.Bb5+ Bd7 4.Bxd7+ Qxd7 5.O-O Nf6 6.e5 dxe5 7.Nxe5 Qc7 8.d4 cxd4
9.Qxd4 Nc6 10.Nxc6 Qxc6 11.Nc3 e6 12.Bg5 Be7 13.Rad1 h6 14.Be3 O-O 15.h3 Rfd8
16.Qe5 a6 17.Bf4 b5 18.a3 Rac8 19.Rxd8+ Bxd8 20.Rd1 Bc7 21.Qe3 Bb6 22.Qe2 Ba5
23.Rd3 Bxc3 24.Rxc3 Qb7 25.Be5 Rxc3 26.Bxc3 Ne4 27.Bd4 Qd5 28.c3 f6 29.a4 e5
30.Be3 f5 31.axb5 axb5 32.f3 Nd6 33.Qd2 Qxd2 34.Bxd2 Nc4 35.Bc1 Kf7 36.Kf2 Ke6
37.Ke2 e4 38.Kf2 Ke5 39.b3  1-0